| 000 | 00924nam a22003137a 4500 | ||
|---|---|---|---|
| 003 | CHAP | ||
| 005 | 20220901155139.0 | ||
| 008 | 060919d2001 mx r 00110 spa d | ||
| 010 | _a92745 | ||
| 011 | _a93717 | ||
| 020 | _a9253046015 | ||
| 035 | _a104297 | ||
| 040 | _cCHAP | ||
| 090 | _aFolleto 16866 | ||
| 110 | 2 | _aFAO | |
| 245 | 1 | 0 |
_aPlan de acción internacional para prevenir, desalentar y eliminar la pesca ilegal no declarada y no reglamentada _c/por FAO |
| 260 |
_aRoma : _bFAO, _c2001. |
||
| 300 | _a27 p. | ||
| 590 |
_aBATCH-UPD _b10 _c20130110 |
||
| 590 |
_aBATCH-UPD _b10 _c20130410 |
||
| 590 |
_aBATCH-UPD _b10 _c20130914 |
||
| 590 |
_aCONVERSION _b10 _c20130109 |
||
| 650 | 1 | 4 |
_aPesca _xLeyes. _987396 |
| 650 | 1 | 4 |
_aPesca _xMétodos. _987402 |
| 901 | _aBK | ||
| 905 | _aAlejandra Carrasco M. | ||
| 942 |
_cFOLL _2local |
||
| 949 |
_aFolleto 16866 _bBC _cFOLL _d33724000994513 _eFAO1 _gDonaciØn _i104297 _sb |
||
| 999 |
_c92745 _d92745 |
||